000 00507nam a2200181 a 4500
001 3950
003 CO-ViMGA
008 141112s2004 ck r 000 u spa d
040 _aCO-ViMGA
_bspa
_cCO-ViMGA
082 0 4 _a928.6 O847
100 1 _aQuiroz, Fernando
_954206
245 1 0 _aEl reino que estaba para mi. Conversaciones con Alvaro Mutis
260 _aSantafé de Bogotá :
_bNorma,
_c1993
300 _a116 p
490 _aBiografias y documentos
650 1 4 _aMutis, Alvaro
_954207
942 _2ddc
_cBK
999 _c15968
_d15968